Nghiên cứu xử lý nước thải ao nuôi cá lóc bằng thực vật thủy sinh Khóa luận tốt nghiệp. Chuyên ngành Công nghệ Kỹ thuật hóa học
সংরক্ষণ করুন:
| প্রধান লেখক: | |
|---|---|
| অন্যান্য লেখক: | |
| ভাষা: | Undetermined |
| প্রকাশিত: |
Trà Vinh
Đại học Trà Vinh
2016
|
| ট্যাগগুলো: |
ট্যাগ যুক্ত করুন
কোনো ট্যাগ নেই, প্রথমজন হিসাবে ট্যাগ করুন!
|
| Thư viện lưu trữ: | Trung tâm Học liệu Trường Đại học Trà Vinh |
|---|
| LEADER | 00929nam a2200253Ia 4500 | ||
|---|---|---|---|
| 001 | TVU_27921 | ||
| 008 | 210423s9999 xx 000 0 und d | ||
| 041 | |a Vie | ||
| 082 | |a 628.162 | ||
| 082 | |b T305 | ||
| 100 | |a Trần, Thị Thủy Tiên | ||
| 245 | 0 | |a Nghiên cứu xử lý nước thải ao nuôi cá lóc bằng thực vật thủy sinh | |
| 245 | 0 | |b Khóa luận tốt nghiệp. Chuyên ngành Công nghệ Kỹ thuật hóa học | |
| 245 | 0 | |c Trần Thị Thủy Tiên, Nguyễn Triều Dương ; Trần Thế Nam (giáo viên hướng dẫn) | |
| 260 | |a Trà Vinh | ||
| 260 | |b Đại học Trà Vinh | ||
| 260 | |c 2016 | ||
| 300 | |a 32 tr. | ||
| 300 | |b minh họa màu | ||
| 300 | |c 27 cm | ||
| 504 | |a Thư mục: tr.31-32 | ||
| 700 | |a Trần Thị Thủy Tiên; Nguyễn Triều Dương; Trần Thế Nam | ||
| 700 | |e giáo viên hướng dẫn | ||
| 980 | |a Trung tâm Học liệu Trường Đại học Trà Vinh | ||